| 000 | 01983nam0a2200373 i 4500 | ||
|---|---|---|---|
| 001 | RU\NLR\bibl\1941043 | ||
| 005 | 20260409071221.0 | ||
| 010 |
_a9785950609152 _9300 |
||
| 021 |
_aRU _b2012-59824 _94389 |
||
| 035 | _a(NLR Aleph) 001930317 | ||
| 090 |
_a3426742 _c3426742 |
||
| 100 | _a20120904d2012 k y0rusy50 ca | ||
| 101 | 0 | _arus | |
| 102 | _aRU | ||
| 105 | _ay ||||||||| | ||
| 200 | 1 |
_aРусский язык в коммуникативном пространстве современного мира _e[сборник статей Международного форума, 6-8 декабря 2011 года _fотв. ред. - Г.Д. Кузнецова] |
|
| 210 |
_aМосква _cЭкон-информ _cМГГУ _d2012 |
||
| 215 |
_a478 с. _d20 |
||
| 320 | _aБиблиогр. в конце ст. | ||
| 606 |
_aРусский язык _jСъезды, совещания и т.п. _91533567 _3RU\NLR\auth\66969347 |
||
| 606 |
_aРусский язык _jСъезды, совещания и т.п. _xПреподавание _91229591 _3RU\NLR\auth\66501240 |
||
| 606 |
_aРусская литература _jСъезды, совещания и т.п. _xПреподавание _9900739 _3RU\NLR\auth\66327434 |
||
| 686 | _aШ141.12я431 | ||
| 686 | _aЧ426.13я431 | ||
| 686 | _aЧ486.13я431 | ||
| 686 | _aЧ426.21(0)31я431 | ||
| 686 | _aЧ486.21(0)31я431 | ||
| 702 | 1 |
_4340 _7ca _8rus _aКузнецова _bГ. Д. _cканд. биол. наук, связи с общественностью _gГалина Дмитриевна _998364 _3RU\NLR\auth\77115439 |
|
| 711 | 1 | 2 |
_a"Русский язык в коммуникативном пространстве современного мира", международный форум _eМосква _f2011 _9320338 _3RU\NLR\AUTH\8810217261 |
| 801 | 0 |
_aRU _bNLR _c20120904 _gRCR |
|
| 801 | 1 |
_aRU _bNLR _c20120904 |
|
| 942 | _cBOOK | ||
| 980 | _aNBR | ||